| 000 | 00754nam a2200265 a 4500 | ||
|---|---|---|---|
| 001 | 75624 | ||
| 003 | BD-RjUL | ||
| 005 | 20211209082723.0 | ||
| 008 | 190504s1960 nyu 000 0 eng | ||
| 035 | _a(BD-RjUL)75842 | ||
| 035 | _a(OCoLC)353155 | ||
| 040 |
_aDLC _cOClU _dO _dOCoLC _dDLC _dBD-RjUL _beng |
||
| 041 | _aeng | ||
| 042 | _apremarc | ||
| 082 |
_223 _a658 _bVAM 1960 |
||
| 100 | 1 |
_aVance, Stanley C. _9231481 |
|
| 245 | 1 | 0 |
_aManagement decision simulation : _ba non-computer business game. _cStanley C. Vance |
| 260 |
_aNew York : _bMcGraw-Hill, _c1960. |
||
| 300 |
_a56 p. : _billus.; _c28 cm. |
||
| 650 | 0 |
_aManagement _9231482 |
|
| 650 | 0 |
_aManagement games _9231483 |
|
| 942 |
_2ddc _cBK |
||
| 999 |
_c75624 _d75624 |
||